[Event "SH-ch Seniors op"]
[Site "Eckernfoerde"]
[Date "2012.10.05"]
[Round "7.9"]
[White "Rickers, Gerd"]
[Black "Erhart, Uwe"]
[Result "1/2-1/2"]
[WhiteElo "2076"]
[BlackElo "2061"]
[PlyCount "30"]
[EventDate "2012.09.29"]
[EventType "swiss"]
[EventRounds "7"]
[EventCountry "GER"]
[SourceTitle "EXT 2022"]
[Source "ChessBase"]
[SourceDate "2021.10.06"]
[SourceVersion "1"]
[SourceVersionDate "2021.10.06"]
[SourceQuality "1"]

1. d4 Nf6 2. Nf3 b6 3. g3 Bb7 4. Bg2 e6 5. 0-0 Be7 6. c4 0-0 7. Nc3 Ne4 8. Qc2 f5 9. Rd1 Nxc3 10. Qxc3 d6 11. b3 Bf6 12. Bb2 Nd7 13. Qd2 Qe7 14. Ne1 Bxg2 15. Nxg2 Rad8 1/2-1/2

[Event "SH-ch Seniors op"]
[Site "Eckernfoerde"]
[Date "2012.09.29"]
[Round "1.13"]
[White "Rickers, Gerd"]
[Black "Schumacher, Horst"]
[Result "1/2-1/2"]
[WhiteElo "2076"]
[BlackElo "1827"]
[PlyCount "72"]
[EventDate "2012.09.29"]
[EventType "swiss"]
[EventRounds "7"]
[EventCountry "GER"]
[SourceTitle "EXT 2022"]
[Source "ChessBase"]
[SourceDate "2021.10.06"]
[SourceVersion "1"]
[SourceVersionDate "2021.10.06"]
[SourceQuality "1"]

1. d4 d5 2. Nf3 Bf5 3. c4 e6 4. Nc3 Nc6 5. Bg5 Be7 6. Bxe7 Ngxe7 7. e3 0-0 8. Nh4 Rb8 9. Nxf5 Nxf5 10. Bd3 dxc4 11. Bxc4 Re8 12. 0-0 a6 13. Bd3 Nfe7 14. Rc1 Nd5 15. a3 g6 16. b4 Nxc3 17. Rxc3 e5 18. dxe5 Nxe5 19. Be2 c6 20. f4 Nd7 21. Rd3 Re7 22. Bg4 f5 23. Qb3+ Kf8 24. Qc3 Kf7 25. Bd1 Qf8 26. Bb3+ Ke8 27. Rfd1 Qg7 28. Qd2 Rc8 29. Rd4 Rc7 30. Qd3 Kf8 31. e4 fxe4 32. Rxe4 Rxe4 33. Qxe4 Qe7 34. Re1 Qxe4 35. Rxe4 Nf6 36. Rd4 Re7 1/2-1/2

[Event "GER-chT Seniors 20th"]
[Site "Gladenbach"]
[Date "2011.09.16"]
[Round "6.2"]
[White "Orwatsch, Gerhard"]
[Black "Rickers, Gerd"]
[Result "1-0"]
[WhiteElo "1992"]
[BlackElo "1914"]
[PlyCount "83"]
[EventDate "2011.09.11"]
[EventType "team-swiss"]
[EventRounds "7"]
[EventCountry "GER"]
[SourceTitle "CBM 144 Extra"]
[Source "ChessBase"]
[SourceDate "2011.10.28"]
[SourceVersion "1"]
[SourceVersionDate "2011.10.28"]
[SourceQuality "1"]
[WhiteTeam "Hessen III"]
[BlackTeam "Niedersachsen II"]
[WhiteTeamCountry "GER"]
[BlackTeamCountry "GER"]

1. d4 Nf6 2. Bf4 g6 3. h3 Bg7 4. e3 d6 5. Bc4 0-0 6. Nf3 Nbd7 7. 0-0 Qe8 8. c3 e5 9. Bh2 Qe7 10. a4 a6 11. a5 e4 12. Nfd2 Re8 13. Qb3 Nf8 14. Na3 Ne6 15. Rfe1 c6 16. Bf1 d5 17. c4 Nd8 18. Rac1 Bf8 19. Rc3 Qb4 20. Nc2 Qxb3 21. Rxb3 Re6 22. Bc7 Be7 23. f3 Ne8 24. Bg3 f5 25. fxe4 fxe4 26. Nb4 Nf6 27. Be5 Bxb4 28. Rxb4 Nf7 29. Bh2 Nd6 30. Be2 Kf7 31. Rf1 Nf5 32. Rb3 Ke7 33. g4 Nh4 34. g5 Nh5 35. Bg4 Nf5 36. Bxh5 Bd7 37. Bg4 Rf8 38. Rxb7 Nxe3 39. Rxf8 Nxg4 40. Bd6+ Kxd6 41. hxg4 e3 42. Rf7 1-0

[Event "GER-chT Seniors 19th"]
[Site "Eckernfoerde"]
[Date "2010.09.18"]
[Round "6.3"]
[White "Rickers, Gerd"]
[Black "Gerhardt, Peter Michael"]
[Result "1/2-1/2"]
[WhiteElo "1894"]
[BlackElo "1953"]
[PlyCount "95"]
[EventDate "2010.09.13"]
[EventType "team-swiss"]
[EventRounds "7"]
[EventCountry "GER"]
[SourceTitle "EXT 2011"]
[Source "ChessBase"]
[SourceDate "2010.11.26"]
[SourceVersion "1"]
[SourceVersionDate "2010.11.26"]
[SourceQuality "1"]
[WhiteTeam "Niedersachsen II"]
[BlackTeam "Bremen"]
[WhiteTeamCountry "GER"]
[BlackTeamCountry "GER"]

1. d4 Nf6 2. Nf3 b6 3. g3 Bb7 4. Bg2 g6 5. b3 Bg7 6. Bb2 0-0 7. 0-0 d6 8. c4 Nbd7 9. Nc3 e5 10. dxe5 dxe5 11. Qc2 Qe7 12. Nd2 Bxg2 13. Kxg2 Rfd8 14. Nde4 Nxe4 15. Qxe4 f5 16. Qc2 c6 17. Rad1 e4 18. f4 Nf8 19. e3 Ne6 20. Rfe1 Nc5 21. Ba3 Qf6 22. Rxd8+ Rxd8 23. Rd1 Nd3 24. Ne2 c5 25. Kf1 a5 26. Bc1 Nb4 27. Rxd8+ Qxd8 28. Qd2 Qxd2 29. Bxd2 Nxa2 30. Ke1 Kf7 31. Kd1 Ke6 32. Kc2 Kd6 33. Kb1 Nb4 34. Bc3 Bxc3 35. Nxc3 Kc6 36. Kc1 Na6 37. g4 Nc7 38. gxf5 gxf5 39. Ne2 Ne8 40. Nc3 Nd6 41. Kc2 b5 42. cxb5+ Nxb5 43. Na4 Nc7 44. Nb2 Kb5 45. Nc4 Ne8 46. Kc3 a4 47. Na3+ Ka5 48. Nc4+ 1/2-1/2

[Event "Niedersachsen-ch Seniors 44th"]
[Site "Cadenberge"]
[Date "2010.04.19"]
[Round "7"]
[White "Rickers, Gerd"]
[Black "Brunotte, Peter"]
[Result "1/2-1/2"]
[WhiteElo "1896"]
[BlackElo "1995"]
[PlyCount "32"]
[EventDate "2010.04.13"]
[EventType "swiss"]
[EventRounds "9"]
[EventCountry "GER"]
[SourceTitle "EXT 2019"]
[Source "ChessBase"]
[SourceDate "2018.10.10"]
[SourceVersion "1"]
[SourceVersionDate "2018.10.10"]
[SourceQuality "1"]

1. d4 Nf6 2. Nf3 g6 3. b3 Bg7 4. Bb2 d6 5. e3 0-0 6. Be2 c5 7. 0-0 b6 8. c4 Bb7 9. Nc3 Ne4 10. Nxe4 Bxe4 11. Ng5 Bb7 12. Nf3 Nc6 13. Qc2 Qc7 14. d5 Ne5 15. Nxe5 Bxe5 16. Bxe5 dxe5 1/2-1/2

[Event "Niedersachsen-ch Seniors 44th"]
[Site "Cadenberge"]
[Date "2010.04.16"]
[Round "4"]
[White "Fischer, Manfred3333"]
[Black "Rickers, Gerd"]
[Result "1/2-1/2"]
[WhiteElo "1683"]
[BlackElo "1896"]
[PlyCount "65"]
[EventDate "2010.04.13"]
[EventType "swiss"]
[EventRounds "9"]
[EventCountry "GER"]
[SourceTitle "EXT 2019"]
[Source "ChessBase"]
[SourceDate "2018.10.10"]
[SourceVersion "1"]
[SourceVersionDate "2018.10.10"]
[SourceQuality "1"]

1. e4 e5 2. Nf3 Nc6 3. c3 d6 4. d4 Be7 5. d5 Nb8 6. Bd3 Nf6 7. 0-0 0-0 8. c4 Na6 9. Nc3 h6 10. a3 Nc5 11. Bc2 a5 12. Rb1 Bg4 13. b4 axb4 14. axb4 Ncd7 15. h3 Bh5 16. g4 Bg6 17. Ne1 Nh7 18. Ng2 Bg5 19. Ne2 Bxc1 20. Qxc1 Qg5 21. f3 Qxc1 22. Rfxc1 Ng5 23. Nh4 Nxh3+ 24. Kg2 Nf4+ 25. Nxf4 exf4 26. Ra1 Bh7 27. Kf2 g5 28. Ng2 b6 29. Ne1 Ne5 30. Bd3 Bg6 31. Be2 h5 32. gxh5 Bxh5 33. Nc2 1/2-1/2

[Event "GER-chT Seniors 18th"]
[Site "Finsterbergen"]
[Date "2009.09.16"]
[Round "5"]
[White "Rickers, Gerd"]
[Black "Boehm, Eckart"]
[Result "1-0"]
[WhiteElo "2153"]
[BlackElo "1930"]
[PlyCount "81"]
[EventDate "2009.09.12"]
[EventType "team-swiss"]
[EventRounds "7"]
[EventCountry "GER"]
[SourceTitle "CBM 132 Extra"]
[Source "ChessBase"]
[SourceDate "2009.11.03"]
[SourceVersion "1"]
[SourceVersionDate "2009.11.03"]
[SourceQuality "1"]

1. d4 Nf6 2. Nf3 e6 3. c4 b6 4. g3 Bb7 5. Bg2 Be7 6. Nc3 0-0 7. 0-0 d6 8. Qc2 Nbd7 9. b3 Re8 10. Bb2 e5 11. dxe5 Nxe5 12. Nxe5 Bxg2 13. Nxf7 Kxf7 14. Kxg2 Qc8 15. Rad1 Qe6 16. Nd5 Rac8 17. Nxf6 Bxf6 18. Bxf6 Qxf6 19. e3 Kg8 20. Rd4 Rf8 21. Rf4 Qe6 22. Qe4 Qxe4+ 23. Rxe4 Rce8 24. Rxe8 Rxe8 25. Rd1 a5 26. Kf3 Kf7 27. Rd4 g5 28. h4 h6 29. hxg5 hxg5 30. Rd1 Kg6 31. g4 Rf8+ 32. Kg3 Re8 33. Rd3 Re7 34. f4 gxf4+ 35. exf4 Re2 36. a4 Re1 37. Kf2 Rb1 38. Rf3 d5 39. cxd5 Rd1 40. Rc3 Rxd5 41. Rc6+ 1-0

[Event "Schleswig Holstein-ch Seniors"]
[Site "Germany"]
[Date "2009.??.??"]
[Round "5"]
[White "Rickers, Gerd"]
[Black "Schumacher, Gottfried"]
[Result "1/2-1/2"]
[WhiteElo "2150"]
[BlackElo "2225"]
[PlyCount "25"]
[EventDate "2009.??.??"]
[EventType "swiss"]
[EventRounds "7"]
[EventCountry "GER"]
[SourceTitle "EXT 2011"]
[Source "ChessBase"]
[SourceDate "2010.11.26"]
[SourceVersion "1"]
[SourceVersionDate "2010.11.26"]
[SourceQuality "1"]

1. d4 d5 2. Nf3 Nf6 3. c4 e6 4. Nc3 c5 5. e3 Nc6 6. a3 cxd4 7. exd4 dxc4 8. Bxc4 a6 9. 0-0 b5 10. Ba2 Be7 11. d5 exd5 12. Nxd5 0-0 13. Nxe7+ 1/2-1/2

[Event "Schleswig Holstein-ch Seniors"]
[Site "Germany"]
[Date "2009.??.??"]
[Round "6"]
[White "Szenetra, Werner"]
[Black "Rickers, Gerd"]
[Result "1-0"]
[WhiteElo "2255"]
[BlackElo "2150"]
[PlyCount "125"]
[EventDate "2009.??.??"]
[EventType "swiss"]
[EventRounds "7"]
[EventCountry "GER"]
[SourceTitle "EXT 2011"]
[Source "ChessBase"]
[SourceDate "2010.11.26"]
[SourceVersion "1"]
[SourceVersionDate "2010.11.26"]
[SourceQuality "1"]

1. Nf3 d5 2. g3 Nf6 3. Bg2 c6 4. d3 Bf5 5. 0-0 h6 6. Nbd2 e6 7. Qe1 Be7 8. Ne5 Nbd7 9. Nxd7 Nxd7 10. e4 Bh7 11. Qe2 0-0 12. f4 dxe4 13. dxe4 Nf6 14. Kh1 Qc7 15. e5 Nd5 16. Ne4 Rad8 17. a3 b5 18. Bd2 a6 19. c4 bxc4 20. Qxc4 Qb7 21. b4 Qb5 22. Rfc1 Rc8 23. Qxb5 cxb5 24. Nd6 Bxd6 25. exd6 Bd3 26. Bxd5 exd5 27. Be3 Rc4 28. Bb6 Bf5 29. Re1 Re4 30. Rad1 f6 31. Rxe4 Bxe4+ 32. Kg1 Rf7 33. Bd8 Rd7 34. Be7 Kf7 35. Kf2 Ke6 36. Rc1 d4 37. Rc8 f5 38. Ke2 Kf7 39. Rc5 Ke6 40. g4 g6 41. h4 Kf7 42. g5 h5 43. Rc8 Ra7 44. Rf8+ Kg7 45. Rf6 Rd7 46. Bf8+ Kh7 47. Bh6 Ra7 48. Re6 Rd7 49. Re7+ Rxe7 50. dxe7 Bc6 51. Kd3 Kg8 52. Kxd4 Kf7 53. Kc5 Bd7 54. Kd6 Ke8 55. Bg7 Bc8 56. Bf6 Bb7 57. Bd4 Be4 58. Ke6 Bc2 59. Kf6 Bd1 60. Kxg6 Kxe7 61. Kxf5 Bc2+ 62. Ke5 Kf7 63. f5 1-0

[Event "Niedersachsen-ch Seniors 42th"]
[Site "Sottrum"]
[Date "2008.04.18"]
[Round "9"]
[White "Ahrens, Gerhard"]
[Black "Rickers, Gerd"]
[Result "1/2-1/2"]
[WhiteElo "1802"]
[BlackElo "1951"]
[PlyCount "64"]
[EventDate "2008.04.10"]
[EventType "swiss"]
[EventRounds "9"]
[EventCountry "GER"]
[SourceTitle "EXT 2022"]
[Source "ChessBase"]
[SourceDate "2021.10.06"]
[SourceVersion "1"]
[SourceVersionDate "2021.10.06"]
[SourceQuality "1"]

1. e4 e5 2. Nf3 Nc6 3. Bc4 Nf6 4. d3 Bc5 5. c3 d6 6. h3 h6 7. a4 a6 8. b4 Ba7 9. a5 0-0 10. 0-0 Qe7 11. Nh2 Be6 12. Na3 Bxc4 13. Nxc4 Qe6 14. Ne3 Ne7 15. Nhg4 Nxg4 16. Qxg4 Bxe3 17. Bxe3 f5 18. exf5 Nxf5 19. Rae1 Qd5 20. Qe4 Nxe3 21. Qxe3 Rf4 22. c4 Qf7 23. Qe2 Rf8 24. Qd2 Rd4 25. Re3 Qxc4 26. Rc1 Qxb4 27. Qa2+ Kh7 28. Rxc7 Rdf4 29. Rg3 Rg8 30. Qe6 Qe1+ 31. Kh2 Qxf2 32. Qg6+ Kh8 1/2-1/2

[Event "Niedersachsen-ch Seniors 42th"]
[Site "Sottrum"]
[Date "2008.04.15"]
[Round "6"]
[White "Rickers, Gerd"]
[Black "Kluger, Hans Peter"]
[Result "1-0"]
[WhiteElo "1951"]
[BlackElo "1686"]
[PlyCount "61"]
[EventDate "2008.04.10"]
[EventType "swiss"]
[EventRounds "9"]
[EventCountry "GER"]
[SourceTitle "EXT 2022"]
[Source "ChessBase"]
[SourceDate "2021.10.06"]
[SourceVersion "1"]
[SourceVersionDate "2021.10.06"]
[SourceQuality "1"]

1. d4 d5 2. Nf3 Nf6 3. c4 c6 4. Nc3 dxc4 5. a4 Bd7 6. e4 b5 7. axb5 cxb5 8. e5 Ng8 9. Ng5 Nh6 10. e6 fxe6 11. Be2 Qc8 12. Bf3 Bc6 13. Nxb5 a6 14. 0-0 Bd5 15. Bf4 Kd7 16. Re1 Qc6 17. Nc3 Nf5 18. Bxd5 exd5 19. Nf7 Kc8 20. Nxh8 e6 21. Nf7 Ra7 22. Ne5 Qb6 23. g4 Nh4 24. Bg3 Be7 25. Qa4 Nd7 26. Nxd7 Nf3+ 27. Kf1 Rxd7 28. Red1 Bf6 29. Qxa6+ Qxa6 30. Rxa6 Nxd4 31. g5 1-0

[Event "Schleswig Holstein-ch Seniors op"]
[Site "Eckernfoerde"]
[Date "2007.09.30"]
[Round "5"]
[White "Weinwurm, Wolfgang"]
[Black "Rickers, Gerd"]
[Result "1-0"]
[WhiteElo "2165"]
[BlackElo "2173"]
[PlyCount "71"]
[EventDate "2007.09.26"]
[EventType "swiss"]
[EventRounds "7"]
[EventCountry "GER"]
[SourceTitle "EXT 2008"]
[Source "ChessBase"]
[SourceDate "2007.11.25"]
[SourceVersion "1"]
[SourceVersionDate "2007.11.25"]
[SourceQuality "1"]

1. e4 e5 2. d4 exd4 3. Qxd4 Nc6 4. Qe3 d6 5. Nc3 Nf6 6. Bd2 Be7 7. 0-0-0 Ng4 8. Qf4 Bf6 9. Bc4 0-0 10. Nh3 Nge5 11. Bd5 Qe7 12. Qg3 Bh4 13. Qf4 Ng6 14. Qe3 Bf6 15. f4 Bg4 16. Rdf1 Bd7 17. Nf2 b5 18. g4 b4 19. Ne2 Rab8 20. g5 Nxf4 21. Qxf4 Be5 22. Qf3 Nd4 23. Nxd4 Bxd4 24. h4 c6 25. Bb3 Qe5 26. Nd3 Qa5 27. Bxf7+ Kh8 28. Qh5 Be8 29. Bxe8 Rfxe8 30. Kb1 g6 31. Qg4 Qc7 32. h5 Rg8 33. e5 dxe5 34. Qe6 e4 35. Rf7 Qc8 36. Rxh7+ 1-0

[Event "Schleswig Holstein-ch Seniors op"]
[Site "Eckernfoerde"]
[Date "2007.09.26"]
[Round "1"]
[White "Klose, Hans Peter"]
[Black "Rickers, Gerd"]
[Result "0-1"]
[WhiteElo "1766"]
[BlackElo "2173"]
[PlyCount "36"]
[EventDate "2007.09.26"]
[EventType "swiss"]
[EventRounds "7"]
[EventCountry "GER"]
[SourceTitle "EXT 2008"]
[Source "ChessBase"]
[SourceDate "2007.11.25"]
[SourceVersion "1"]
[SourceVersionDate "2007.11.25"]
[SourceQuality "1"]

1. e4 e5 2. Nf3 Nc6 3. g3 Bc5 4. Nc3 d6 5. Na4 Bg4 6. Nxc5 dxc5 7. c3 Qf6 8. Be2 0-0-0 9. d3 Qd6 10. Ng5 Bxe2 11. Qxe2 Nh6 12. 0-0 Qxd3 13. Qe3 b6 14. f3 f6 15. Nh3 Nf7 16. Rf2 Rd7 17. Bd2 Rhd8 18. Rd1 Qxe3 0-1

[Event "GER-chT Seniors 16th"]
[Site "Halle"]
[Date "2007.09.15"]
[Round "3.1"]
[White "Scheipl, Ralf"]
[Black "Rickers, Gerd"]
[Result "1/2-1/2"]
[WhiteElo "2261"]
[BlackElo "2173"]
[PlyCount "66"]
[EventDate "2007.09.13"]
[EventType "team"]
[EventRounds "7"]
[EventCountry "GER"]
[SourceTitle "EXT 2008"]
[Source "ChessBase"]
[SourceDate "2007.11.25"]
[SourceVersion "1"]
[SourceVersionDate "2007.11.25"]
[SourceQuality "1"]

1. c4 c5 2. Nf3 Nc6 3. d4 cxd4 4. Nxd4 Nf6 5. Nc3 d6 6. g3 Bd7 7. Bg2 g6 8. 0-0 Bg7 9. Nc2 0-0 10. b3 a6 11. Bb2 Qa5 12. e4 Nxe4 13. b4 Nxc3 14. Bxc3 Qc7 15. Bxg7 Kxg7 16. Rc1 Rac8 17. Re1 e5 18. Qd2 Be6 19. Bd5 Bxd5 20. Qxd5 Ne7 21. Qd3 Nf5 22. Ne3 Nxe3 23. Qxe3 f5 24. c5 Rce8 25. cxd6 Qxd6 26. Red1 Qe6 27. Rc5 Rf7 28. a4 e4 29. Rcd5 Qc6 30. b5 axb5 31. axb5 Qc4 32. h4 h5 33. Kg2 Qc7 1/2-1/2

[Event "Niedersachsen-ch Seniors 41st"]
[Site "Sottrum"]
[Date "2007.03.24"]
[Round "3"]
[White "Kujat, Werner"]
[Black "Rickers, Gerd"]
[Result "0-1"]
[WhiteElo "1612"]
[BlackElo "1956"]
[PlyCount "96"]
[EventDate "2007.03.22"]
[EventType "swiss"]
[EventRounds "9"]
[EventCountry "GER"]
[SourceTitle "EXT 2022"]
[Source "ChessBase"]
[SourceDate "2021.10.06"]
[SourceVersion "1"]
[SourceVersionDate "2021.10.06"]
[SourceQuality "1"]

1. d4 d5 2. g3 Nf6 3. Bg2 c6 4. Nf3 Bf5 5. 0-0 h6 6. Ne5 Nbd7 7. Nxd7 Qxd7 8. Nd2 e6 9. c4 Bd6 10. c5 Bc7 11. f3 0-0 12. e4 dxe4 13. Nxe4 Qe7 14. Be3 Rfd8 15. Bf2 Rd7 16. Nxf6+ Qxf6 17. Qa4 Bd3 18. Rfe1 a5 19. Rad1 Bb5 20. Qc2 a4 21. f4 Ba5 22. Re5 Bc7 23. Ree1 a3 24. b3 h5 25. h4 g6 26. Qe4 Rad8 27. b4 Bc4 28. Rd2 Ra8 29. Qc2 Bb5 30. Qc3 Qg7 31. Bh3 Bd8 32. Rxe6 fxe6 33. Bxe6+ Kh7 34. Bxd7 Qxd7 35. d5 cxd5 36. Qe5 Qg7 37. Qe6 Bf6 38. f5 Re8 39. fxg6+ Qxg6 40. Qb6 Bc4 41. Kh2 Re7 42. Qd6 Qg7 43. Qf4 Be5 44. Qf5+ Qg6 45. Qf3 Qg4 46. Qxa3 Qxh4+ 47. Kg2 Qe4+ 48. Qf3 Bf1+ 0-1

[Event "Niedersachsen-ch Seniors 40th"]
[Site "Wingst"]
[Date "2006.04.08"]
[Round "5"]
[White "Rickers, Gerd"]
[Black "Perk, Egbert"]
[Result "1/2-1/2"]
[WhiteElo "1956"]
[BlackElo "1944"]
[PlyCount "46"]
[EventDate "2006.04.04"]
[EventType "swiss"]
[EventRounds "9"]
[EventCountry "GER"]
[SourceTitle "EXT 2007"]
[Source "ChessBase"]
[SourceDate "2006.11.23"]
[SourceVersion "1"]
[SourceVersionDate "2006.11.23"]
[SourceQuality "1"]

1. d4 Nf6 2. Nf3 d6 3. b3 g6 4. Bb2 Bg7 5. e3 0-0 6. Be2 c6 7. 0-0 Bg4 8. c4 Bxf3 9. Bxf3 Nbd7 10. Qc2 d5 11. Nd2 Rc8 12. Rac1 Re8 13. Rfd1 e6 14. Qb1 h6 15. Rc2 Nf8 16. g3 N8h7 17. Bg2 Ng5 18. h4 Nge4 19. Rcc1 Nxd2 20. Rxd2 h5 21. Bf3 Bh6 22. Qd3 Ng4 23. Bxg4 hxg4 1/2-1/2

[Event "Niedersachsen-ch Seniors 38th"]
[Site "Wingst"]
[Date "2004.03.22"]
[Round "7"]
[White "Jentsch, Karl"]
[Black "Rickers, Gerd"]
[Result "0-1"]
[WhiteElo "1816"]
[BlackElo "2142"]
[PlyCount "102"]
[EventDate "2004.03.16"]
[EventType "swiss"]
[EventRounds "9"]
[EventCountry "GER"]
[SourceTitle "EXT 2006"]
[Source "ChessBase"]
[SourceDate "2005.11.24"]
[SourceVersion "1"]
[SourceVersionDate "2005.11.24"]
[SourceQuality "1"]

1. e4 e5 2. Nf3 Nc6 3. Bb5 g6 4. 0-0 Bg7 5. c3 d6 6. h3 Bd7 7. d3 Nge7 8. Bg5 h6 9. Bxe7 Qxe7 10. Nbd2 0-0 11. Re1 Kh7 12. Nh2 a6 13. Ba4 Nd8 14. Bxd7 Qxd7 15. Nc4 Ne6 16. Ne3 Nf4 17. Nd5 Nxd5 18. exd5 f5 19. f3 Qb5 20. c4 Qxb2 21. Rb1 Qd4+ 22. Kh1 b5 23. Qe2 Rab8 24. Nf1 h5 25. Nd2 Bh6 26. Nb3 Qh4 27. Kg1 Bf4 28. Nd2 Bxd2 29. Qxd2 bxc4 30. dxc4 Rb6 31. c5 dxc5 32. Rxb6 cxb6 33. Rxe5 Qd4+ 34. Qxd4 cxd4 35. d6 Rd8 36. Rd5 Rd7 37. Rxd4 Kg7 38. g4 hxg4 39. fxg4 fxg4 40. hxg4 Kf6 41. Ra4 a5 42. Kf2 Rxd6 43. Kf3 Kg5 44. Ke4 Rd2 45. Ke3 Rg2 46. Kf3 Rb2 47. Kg3 Rb4 48. Rxb4 axb4 49. Kf3 Kh4 50. Kf4 g5+ 51. Kf5 b5 0-1

[Event "Niedersachsen-ch Seniors 38th"]
[Site "Wingst"]
[Date "2004.03.21"]
[Round "6"]
[White "Rickers, Gerd"]
[Black "Weber, Gerhard3333"]
[Result "1/2-1/2"]
[WhiteElo "2142"]
[BlackElo "1889"]
[PlyCount "61"]
[EventDate "2004.03.16"]
[EventType "swiss"]
[EventRounds "9"]
[EventCountry "GER"]
[SourceTitle "EXT 2006"]
[Source "ChessBase"]
[SourceDate "2005.11.24"]
[SourceVersion "1"]
[SourceVersionDate "2005.11.24"]
[SourceQuality "1"]

1. d4 Nf6 2. Nf3 e6 3. c4 d5 4. Nc3 Be7 5. Bg5 0-0 6. e3 h6 7. Bh4 Ne4 8. Bxe7 Qxe7 9. Qc2 Nxc3 10. Qxc3 dxc4 11. Bxc4 b6 12. Rc1 Bb7 13. Be2 c5 14. dxc5 Rc8 15. 0-0 Rxc5 16. Qa3 Nd7 17. b4 Rxc1 18. Rxc1 Rc8 19. Rxc8+ Bxc8 20. Qc3 Qd8 21. Qc6 Nb8 22. Qa4 Qd7 23. Bb5 Qc7 24. Bf1 a5 25. bxa5 bxa5 26. Qe8+ Kh7 27. h3 Ba6 28. Bxa6 Nxa6 29. Qb5 Nc5 30. Nd4 a4 31. a3 1/2-1/2

[Event "Niedersachsen-ch Seniors 38th"]
[Site "Wingst"]
[Date "2004.03.18"]
[Round "3"]
[White "Grabitz, Georg"]
[Black "Rickers, Gerd"]
[Result "1/2-1/2"]
[WhiteElo "1987"]
[BlackElo "2142"]
[PlyCount "24"]
[EventDate "2004.03.16"]
[EventType "swiss"]
[EventRounds "9"]
[EventCountry "GER"]
[SourceTitle "EXT 2006"]
[Source "ChessBase"]
[SourceDate "2005.11.24"]
[SourceVersion "1"]
[SourceVersionDate "2005.11.24"]
[SourceQuality "1"]

1. e4 e5 2. Nf3 Nc6 3. d4 exd4 4. Bc4 Nf6 5. e5 d5 6. Bb5 Ne4 7. Nxd4 Bd7 8. Bxc6 bxc6 9. 0-0 Be7 10. f3 Nc5 11. f4 f5 12. Nc3 0-0 1/2-1/2